| 000 | 00657nam a2200277Ia 4500 | ||
|---|---|---|---|
| 008 | 210210b2011 xxu||||| |||| 00| 0 eng d | ||
| 020 | _a9788189353360 | ||
| 041 | _aeng | ||
| 082 | _aH891.9 SHAG | ||
| 100 | _aSHARMA (Chaman Lal) | ||
| 245 | _aGaDvAlI lOk gAthAvon mein abhivyakth sAmAjik jIvan mUly | ||
| 260 |
_aKAnpur _bAnnapurna prakashana _c2011 |
||
| 300 | _a80 | ||
| 650 | _asAmskratik | ||
| 650 | _asAmAjik | ||
| 650 | _arAjnaitik | ||
| 650 | _amUly | ||
| 650 | _amein | ||
| 650 | _alOk | ||
| 650 | _ajIvan | ||
| 650 | _agAthAvon | ||
| 650 | _aGaDvAlI | ||
| 650 | _aabhivyakth | ||
| 690 | _aHindi Criticism | ||
| 906 | _a066721 | ||
| 999 |
_c149172 _d149172 |
||